[Event "ARG-ch U20"]
[Site "Buenos Aires"]
[Date "2023.02.18"]
[Round "3"]
[White "Francisco Guecamburu, Candela Be"]
[Black "Garcia, Pablo Nahuel"]
[Result "1-0"]
[WhiteElo "2279"]
[BlackElo "1917"]
[PlyCount "77"]
[EventDate "2023.02.17"]
[EventType "swiss"]
[EventRounds "9"]
[EventCountry "ARG"]
[SourceTitle "EXT 2024"]
[Source "ChessBase"]
[SourceDate "2023.10.10"]
[SourceVersion "1"]
[SourceVersionDate "2023.10.10"]
[SourceQuality "1"]

1. e4 c5 2. Nf3 e6 3. g3 a6 4. Bg2 b5 5. 0-0 Bb7 6. Re1 Nc6 7. d4 cxd4 8. Nxd4 Nxd4 9. Qxd4 Ne7 10. Nc3 Nc6 11. Qd1 Bb4 12. Qg4 0-0 13. e5 f5 14. exf6 Qxf6 15. Ne4 Qf7 16. c3 Bc5 17. Qe2 Be7 18. Be3 Na5 19. f4 Nc4 20. Bd4 Bc6 21. Rad1 Rac8 22. b3 Na5 23. Bf3 Nb7 24. Nd2 Bc5 25. Bxc5 Nxc5 26. Bxc6 Rxc6 27. c4 Qg6 28. Nf3 Qh5 29. Ne5 Qxe2 30. Rxe2 Rc7 31. cxb5 axb5 32. b4 Na4 33. Rxd7 Rc1+ 34. Kg2 Nc3 35. Red2 Ra1 36. Rb7 Ra8 37. Rdd7 R1xa2+ 38. Kh3 Ne4 39. Rxg7+ 1-0